| 000 | 005000000a22001090004500 | ||
|---|---|---|---|
| 100 | 1 | _aAdams, Steve | |
| 245 | 1 | 0 | _aTo live or die? |
| 300 | _aVol.0, núm.0 (Marzo-mayo, 2006), Páginas 4-9 | ||
| 520 | _a'What you did for the least, you did for me,' Jesus said. Sobering then to realise that our saviour would heve withered away on a rickety bed, in searing heat in rural Pakistan, had it not been for the commitment of Christians fighting the rising tide of TB. | ||
| 773 | 0 | _tTeartimes | |
| 942 | _cANA | ||
| 999 |
_c61207 _d61207 |
||